| 000 | nam a22 7a 4500 | ||
|---|---|---|---|
| 999 |
_c330610 _d330610 |
||
| 003 | NUST | ||
| 005 | 20170725201219.0 | ||
| 008 | 170725b xxu||||| |||| 00| 0 eng d | ||
| 040 | _cNUST | ||
| 082 |
_a891.4391 _bRAS |
||
| 100 |
_aRashid, Nasrin _93572 |
||
| 245 |
_aWoh khawab hova/ _cby Nasrin Rashid |
||
| 260 |
_aIslamabad: _bA. R printers, _c2015 |
||
| 300 | _a61 p. | ||
| 500 | _aPoetry | ||
| 546 | _aIn urdu | ||
| 650 |
_aUrdu Literature _vPoetry _93519 |
||
| 880 |
_6100-01\(3\r _aنسرین راشد |
||
| 880 |
_6245-02\(3\r _aوہ خواب ہوا _cنسرین راشد |
||
| 880 |
_6260-03\(3\r _aاسلام آباد: _bاے - آر پرنٹرز، _c2015 |
||
| 942 |
_2ddc _cBK |
||